000 01086nam a2200289 i 4500
005 20260622172407.0
008 260519t20242024my ado gr a001 0 eng d
020 _a9789835221026
_cRM50.00
_qpaperback
040 _aPPAK
_beng
_cPPAK
_erda
082 0 4 _223
_a333.794595
090 0 0 _a333.794595
_bSAF
_dG
245 0 0 _aSAFETY AND LONGEVITY IN MALAYSIA ENERGY PRODUCTION /
_cEditors Mohd Dinie Muhaimin Samsudin, Izni Mariah Ibrahim
250 _aFirst Edition 2024
264 1 _aJohor Bahru, Johor :
_bPENERBIT UTM PRESS,
_c2024
264 4 _c©2024
300 _axii, 217 pages :
_billustrations, charts, photographs ;
_c25 cm
336 _atext
_2rdacontent
337 _aunmediated
_2rdamedia
338 _avolume
_2rdacarrier
500 _aIncludes bibliographical references and index.
650 1 0 _aRenewable energy sources
_zMalaysia
650 2 0 _aElectric power production
650 2 0 _aGovernment publication
_zMalaysia
700 0 _aMohd Dinie Muhaimin Samsudin,
_eeditor.
700 0 _aIzni Mariah Ibrahim,
_eeditor.
942 _2ddc
_cB
999 _c204374
_d204374